| 000 | 005860000a22002050004500 | ||
|---|---|---|---|
| 003 | LK-CoMWRAF | ||
| 005 | 20231120102331.0 | ||
| 008 | 230817t2003 ||||| |||| 00| 0 eng d | ||
| 020 | _a9555993378 | ||
| 040 |
_aLK-CoMWRAF _dLK-CoMWRAF _eLK-CoMWRAF |
||
| 041 | _aeng | ||
| 082 |
_a346.5493 _bAME |
||
| 100 | _aAmerasinghe, A.R.B | ||
| 245 | _aGender and the Law | ||
| 260 |
_aRatmalana: _bSarvodaya Vishva Lekha, _c2003 |
||
| 300 | _axi, 90 p. ; 23 cm. | ||
| 650 | _aWomen -- Legal status, laws, - Sri Lanka | ||
| 650 | _a Sex discrimination against women -- Sri Lanka | ||
| 942 | _cBK | ||
| 999 |
_c679 _d679 |
||